000
00288nam a22001337a 4500
020
_a
978-93-82562-53-5
082
_a
823
_b
JUN/A
100
_a
JUNIOR DIAMOND
245
_a
ARABIAN NIGHT
260
_a
DELHI
_b
JUNIOR DIAMOND
300
_a
24
650
_a
MORAL STORIES
_z
INDIA
942
_c
BK
999
_c
7048
_d
7048